Habitar lo social : usos y abusos en la vida cotidiana en el Chile actual /

Habitar lo social presenta una mirada que es al mismo tiempo un proyecto: poner en pie una visión de las ciencias sociales capaz de describir, desde los individuos, el tipo de sociedad en la que vivimos. Por ello, son las voces de la calle las que resuenan en sus páginas: hombres y mujeres, jóvenes...

Full description

Bibliographic Details
Main Author: Araujo Kakiuchi, Kathya
Format: Libro
Language:Spanish
Published: Santiago LOM 2009
Edition:1a.ed.
Series:Escafandra
Subjects:
Online Access:

MARC

LEADER 00000cam a2200000 a 4500
001 003161
003 UAHC_CL
005 20170803115914.0
008 090811s2009 cl 000 spa
020 |a 9789560000590 
040 |a UAHC_CL  |c UAHC_CL  |d UAHC_CL 
082 0 4 |a 301  |b A663  |2 20 
100 1 |a Araujo Kakiuchi, Kathya 
245 1 0 |a Habitar lo social :  |b usos y abusos en la vida cotidiana en el Chile actual /  |c Kathya Araujo. 
250 |a 1a.ed. 
260 |b LOM  |a Santiago  |c 2009 
300 |a 246 p. 
490 0 |a Escafandra 
520 |a Habitar lo social presenta una mirada que es al mismo tiempo un proyecto: poner en pie una visión de las ciencias sociales capaz de describir, desde los individuos, el tipo de sociedad en la que vivimos. Por ello, son las voces de la calle las que resuenan en sus páginas: hombres y mujeres, jóvenes y mayores, de sectores medios y populares, dan testimonio de sus experiencias y frustraciones y, entre todos –incluyendo a la autora– intentan dar respuesta a la gran interrogante que se encuentra latente a lo largo de todo el libro: ¿cómo se usan en verdad las reglas y las normas en la sociedad chilena actual? 
521 |a Derechos humanos, género y multiculturalismo 
650 4 |a COMPORTAMIENTO SOCIAL 
650 4 |a CONDUCTA SOCIAL 
650 4 |a SOCIOLOGIA 
650 4 |a NORMAS SOCIALES 
653 |a CATEDRAS BASICAS 
658 |a Araujo, Kathya 
900 |a 301 ARA 
942 |c BK 
952 |0 0  |1 0  |4 0  |6 301_000000000000000_ARA  |7 0  |8 General  |9 6910  |a BC  |b BC  |c General  |d 2017-08-03  |o 301 ARA  |p 1372749  |r 2026-01-07 00:00:00  |t 1  |w 2017-08-03  |y BK  |z También lo encuentras en bibliografias.academia.cl 
952 |0 0  |1 0  |4 0  |6 301_000000000000000_ARA  |7 0  |8 General  |9 6911  |a BC  |b BC  |c General  |d 2017-08-03  |o 301 ARA  |p 1372750  |r 2026-01-07 00:00:00  |t 2  |w 2017-08-03  |y BK  |z También lo encuentras en bibliografias.academia.cl 
952 |0 0  |1 0  |4 0  |6 301_000000000000000_ARA  |7 0  |8 General  |9 6912  |a BC  |b BC  |c General  |d 2017-08-03  |o 301 ARA  |p 1375184  |r 2026-01-07 00:00:00  |t 3  |w 2017-08-03  |y BK  |z También lo encuentras en bibliografias.academia.cl 
952 |0 0  |1 0  |4 0  |6 301_000000000000000_ARA  |7 0  |8 General  |9 6913  |a BC  |b BC  |c General  |d 2017-08-03  |o 301 ARA  |p 1372752  |r 2017-08-03 00:00:00  |t 4  |w 2017-08-03  |y BK  |z También lo encuentras en bibliografias.academia.cl 
952 |0 0  |1 0  |4 0  |6 301_000000000000000_ARA  |7 0  |8 General  |9 6914  |a BC  |b BC  |c General  |d 2017-08-03  |o 301 ARA  |p 1372753  |r 2026-01-07 00:00:00  |t 5  |w 2017-08-03  |y BK  |z También lo encuentras en bibliografias.academia.cl 
952 |0 0  |1 0  |4 0  |6 301_000000000000000_ARA  |7 0  |8 General  |9 6915  |a BR  |b BR  |c General  |d 2017-08-03  |l 1  |o 301 ARA  |p 1372754  |r 2026-01-14 00:00:00  |s 2019-06-04  |t 1  |w 2017-08-03  |y BK  |z También lo encuentras en bibliografias.academia.cl 
952 |0 0  |1 0  |4 0  |6 301_000000000000000_ARA  |7 0  |8 General  |9 6916  |a BC  |b BC  |c General  |d 2017-08-03  |o 301 ARA  |p 1372755  |r 2026-01-07 00:00:00  |t 2  |w 2017-08-03  |y BK  |z También lo encuentras en bibliografias.academia.cl 
952 |0 0  |1 0  |4 0  |6 301_000000000000000_ARA  |7 0  |8 General  |9 6917  |a BC  |b BC  |c General  |d 2017-08-03  |o 301 ARA  |p 1372756  |q 2017-06-28  |r 2017-08-03 00:00:00  |t 6  |w 2017-08-03  |y BK  |z También lo encuentras en bibliografias.academia.cl 
952 |0 0  |1 0  |4 0  |6 301_000000000000000_ARA  |7 0  |8 General  |9 6918  |a BC  |b BC  |c General  |d 2017-08-03  |o 301 ARA  |p 1372757  |r 2026-01-07 00:00:00  |t 3  |w 2017-08-03  |y BK  |z También lo encuentras en bibliografias.academia.cl 
952 |0 0  |1 0  |4 0  |6 301_000000000000000_ARA  |7 0  |8 General  |9 6919  |a BC  |b BC  |c General  |d 2017-08-03  |o 301 ARA  |p 1388551  |r 2026-01-07 00:00:00  |t 7  |w 2017-08-03  |y BK  |z También lo encuentras en bibliografias.academia.cl 
952 |0 0  |1 0  |4 0  |6 301_000000000000000_ARA  |7 0  |8 General  |9 6921  |a BC  |b BC  |c General  |d 2017-08-03  |l 3  |o 301 ARA  |p 1431433  |r 2026-01-07 00:00:00  |s 2025-06-06  |t 9  |w 2017-08-03  |y BK  |z También lo encuentras en bibliografias.academia.cl 
952 |0 0  |1 0  |4 0  |6 301_000000000000000_ARA  |7 0  |8 General  |9 6922  |a BC  |b BC  |c General  |d 2017-08-03  |l 3  |o 301 ARA  |p 1431434  |r 2026-01-07 00:00:00  |s 2023-07-06  |t 10  |w 2017-08-03  |y BK  |z También lo encuentras en bibliografias.academia.cl 
952 |0 0  |1 0  |4 0  |6 301_000000000000000_ARA  |7 0  |8 General  |9 6923  |a BC  |b BC  |c General  |d 2017-08-03  |l 2  |m 2  |o 301 ARA  |p 1431435  |r 2026-01-07 00:00:00  |s 2018-12-21  |t 11  |w 2017-08-03  |y BK  |z También lo encuentras en bibliografias.academia.cl 
952 |0 0  |1 0  |4 0  |6 301_000000000000000_ARA  |7 0  |8 General  |9 6924  |a BC  |b BC  |c General  |d 2017-08-03  |l 3  |o 301 ARA  |p 1431436  |r 2026-01-07 00:00:00  |s 2025-10-10  |t 12  |w 2017-08-03  |y BK  |z También lo encuentras en bibliografias.academia.cl 
952 |0 0  |1 0  |4 0  |6 301_000000000000000_ARA  |7 0  |8 General  |9 6925  |a BC  |b BC  |c General  |d 2017-08-03  |l 2  |m 1  |o 301 ARA  |p 1431437  |r 2026-01-07 00:00:00  |s 2024-11-19  |t 13  |w 2017-08-03  |y BK  |z También lo encuentras en bibliografias.academia.cl 
952 |0 0  |1 0  |4 0  |6 301_000000000000000_ARA  |7 0  |8 General  |9 6926  |a BC  |b BC  |c General  |d 2017-08-03  |l 1  |o 301 ARA  |p 1431438  |q 2017-09-12  |r 2017-09-05 00:00:00  |s 2017-09-05  |t 14  |w 2017-08-03  |y BK  |z También lo encuentras en bibliografias.academia.cl 
999 |c 3161  |d 3161